000 00443cam a2200169ua 4500
020 _c15 s. net
041 _aeng
_h
082 _a828.09
_bSOM/EN
100 _aSomervell, D C .
245 _aEnglish thought in the nineteeth century /
_cD C Somervell.
_hTextual Documents
260 _aLondon :
_bMethuen and Co. Ltd ,
_c1964.
300 _a241 ; .
365 _a15 s. net
504 _a
942 _cBK
999 _c11678
_d11678